A Tanító című neveléstudományi folyóirat ikonográfiai vizsgálata. 1963, 1970

A tanulmány A Tanító című neveléstudományi folyóirat cikkeit és fényképeit vizsgálja. Ez utóbbit a neveléstudományban kevéssé ismert metodológiával, az ikonológia/ikonográfia egyik lehetséges módszerével. A kutatás a fényképek és szövegek által kirajzolódó mintázatok elemzéséhez alap- és melléktemat...

Teljes leírás

Elmentve itt :
Bibliográfiai részletek
Szerző: Darvai Tibor
Dokumentumtípus: Cikk
Megjelent: 2011
Sorozat:Iskolakultúra 21 No. 6-7
Online Access:http://misc.bibl.u-szeged.hu/42166
LEADER 00993nab a2200181 i 4500
001 misc42166
005 20191106140540.0
008 180706s2011 hu o 0|| zxx d
022 |a 1215-5233 
040 |a SZTE Miscellanea Repozitórium  |b hun 
041 |a zxx 
100 1 |a Darvai Tibor 
245 1 2 |a A Tanító című neveléstudományi folyóirat ikonográfiai vizsgálata. 1963, 1970  |h [elektronikus dokumentum] /  |c  Darvai Tibor 
260 |c 2011 
300 |a 71-86 
490 0 |a Iskolakultúra  |v 21 No. 6-7 
520 3 |a A tanulmány A Tanító című neveléstudományi folyóirat cikkeit és fényképeit vizsgálja. Ez utóbbit a neveléstudományban kevéssé ismert metodológiával, az ikonológia/ikonográfia egyik lehetséges módszerével. A kutatás a fényképek és szövegek által kirajzolódó mintázatok elemzéséhez alap- és melléktematikák rendszerét alkotja meg 
856 4 0 |u http://misc.bibl.u-szeged.hu/42166/1/EPA00011_iskolakultura_2011_06-07_071-086.pdf  |z Dokumentum-elérés